Muay Thai / (Record no. 288883)
[ view plain ]
| 000 -LEADER | |
|---|---|
| fixed length control field | 00854cam a2200205Ka 4500 |
| 001 - CONTROL NUMBER | |
| control field | ocn756592927 |
| 003 - CONTROL NUMBER IDENTIFIER | |
| control field | SISC |
| 005 - DATE AND TIME OF LATEST TRANSACTION | |
| control field | 20160822110937.0 |
| 008 - FIXED-LENGTH DATA ELEMENTS--GENERAL INFORMATION | |
| fixed length control field | 111008s2012 enka b 000 0 eng d |
| 020 ## - INTERNATIONAL STANDARD BOOK NUMBER | |
| International Standard Book Number | 9781841263281 |
| 050 00 - LIBRARY OF CONGRESS CALL NUMBER | |
| Classification number | GV 1127.T45 |
| Item number | .V44 2012 |
| 100 1# - MAIN ENTRY--PERSONAL NAME | |
| Personal name | Veere, Arnaud van der. |
| 245 10 - TITLE STATEMENT | |
| Title | Muay Thai / |
| Statement of responsibility, etc | Arnaud van der Veere. |
| 260 ## - PUBLICATION, DISTRIBUTION, ETC. (IMPRINT) | |
| Place of publication, distribution, etc | Auckland : |
| Name of publisher, distributor, etc | Meyer & Meyer Sport, |
| Date of publication, distribution, etc | 2012. |
| 300 ## - PHYSICAL DESCRIPTION | |
| Extent | 191 pages : |
| Other physical details | color illustrations ; |
| Dimensions | 24 cm. |
| 520 ## - SUMMARY, ETC. | |
| Summary, etc | The book shows the basic of the challenging sport Muay Thai. Learn the techniques and understand how to apply them. Numerous exercises guarantee a varied and interesting training. Besides the total workout of the body, the sport improves personal awareness, stamina and physical control. |
| 650 #0 - SUBJECT ADDED ENTRY--TOPICAL TERM | |
| Topical term or geographic name as entry element | Muay Thai. |
| 650 #0 - SUBJECT ADDED ENTRY--TOPICAL TERM | |
| Topical term or geographic name as entry element | Kickboxing |
| Geographic subdivision | Thailand. |
| 942 ## - ADDED ENTRY ELEMENTS (KOHA) | |
| Source of classification or shelving scheme | Library of Congress Classification |
| Koha item type | Books |
| Call number prefix | Foreign |
| Withdrawn status | Lost status | Source of classification or shelving scheme | Damaged status | Home library | Current library | Shelving location | Date acquired | Source of acquisition | Sub Shelving location | Total Checkouts | Full call number | Barcode | Date last seen | Price effective from | Koha item type |
|---|---|---|---|---|---|---|---|---|---|---|---|---|---|---|---|
| Library of Congress Classification | College Library | College Library | Reserve Section | 11/04/2015 | Library Fund | GV 1127.T45 .V44 2012 | C20213 | 05/15/2018 | 11/04/2015 | Books |